Economie appliquée : tome XXIII, no. 1, 1970 : L'or et la monnaie internationale /

Fundada en 1946 por el reconocido economista francés François Perroux, Economie appliquée es una publicación mensual editada, en conjunto con la revista Economies et sociétés, por el Instituto de Ciencias Matemáticas y Economía Aplicada. Con el propósito de promover la investigación en el campo econ...

Descrición completa

Gardado en:
Detalles Bibliográficos
Outros autores: Perroux, François (dirección) (dirección), Tabatoni, Pierre (dirección) (dirección), Busino, Giovanni (dirección) (dirección)
Formato: Libro
Idioma:francés
Publicado: París, Francia : Ginebra, Suiza : Institut de Science Economique Appliquée ; Librairie Droz, 1969, c1969
Series:(Archives de l'Institut de Science Economique Appliquée)
Temas:
Etiquetas: Engadir etiqueta
Sen Etiquetas, Sexa o primeiro en etiquetar este rexistro!

MARC

LEADER 00000nam^a2200000^a^4500
001 000364624
005 20250521000000.0
009 20260310115622.723
037 |a Acervo ITESO - Biblioteca 
041 |a FRA 
082 |a 330. 05  |b INS ECA 1970 
240 1 1 |a [Economie appliquée] 
245 0 0 |a Economie appliquée :  |b tome XXIII, no. 1, 1970 : L'or et la monnaie internationale /  |c Dir. de F. Perroux, P. Tabatoni, G. Busino ; introd. de Jean Denizet. 
264 4 |a París, Francia :  |b Institut de Science Economique Appliquée ;  |a Ginebra, Suiza :  |b Librairie Droz,  |c 1969, c1969 
300 |a 799 p. 
336 |a texto  |b txt  |2 rdacontenido 
337 |a sin mediación  |b n  |2 rdamedio 
338 |a volumen  |b nc  |2 rdasoporte 
440 1 |a (Archives de l'Institut de Science Economique Appliquée) 
520 |a Fundada en 1946 por el reconocido economista francés François Perroux, Economie appliquée es una publicación mensual editada, en conjunto con la revista Economies et sociétés, por el Instituto de Ciencias Matemáticas y Economía Aplicada. Con el propósito de promover la investigación en el campo económico, en ella aparecen artículos en los que se revisan los conceptos, teorías y visiones sobre el crecimiento económico, las dinámicas socioeconómicas y las relaciones económicas entre países. 
561 |a Ex libris manuscrito de Xavier Scheifler Amézaga 
561 |a Ex libris de Biblioteca Universidad Iberoamericana Plantel Noroeste 
649 |a XX 
650 |a Dólar 
650 |a Euro 
650 |a Déficit 
650 |a Flujos de Capital 
650 |a Flujo Monetario 
650 |a Sistema Monetario 
650 |a Dinero -  |x Tema Principal 
650 |a Capital 
650 |a Crisis Económica 
650 |a Producción Económica 
650 |a Socialismo 
650 |a Desarrollo Económico-Social -  |z Países Subdesarrollados 
650 |a Política Monetaria -  |z EUA 
650 |a Política Monetaria -  |z Europa 
650 |a Política Económica -  |z Sudáfrica 
650 |a Finanzas Internacionales 
650 |a Comercio Internacional 
650 |a Economía Internacional 
650 |a Economía Aplicada -  |x Publicaciones Periódicas Francesas -  |x Tema Principal 
650 |a Economía -  |z Francia -  |x Historia -  |y Siglo XX 
650 |a Economía -  |x Teoría 
650 |a Economía -  |x Publicaciones Periódicas Francesas -  |x Tema Principal 
650 |a Publicaciones Periódicas Francesas 
740 0 |a Economie appliquée :  |b tome XXIII, no. 2-3, 1970 /  |c Dir. de F. Perroux, P. Tabatoni, G. Busino. 
740 0 |a Economie appliquée :  |b tome XXIII, no. 4, 1970 /  |c Dir. de F. Perroux, P. Tabatoni, G. Busino ; introd. de Henri Bourguinat. 
700 |a Perroux, François  |e (dirección) 
700 |a Tabatoni, Pierre  |e (dirección) 
700 |a Busino, Giovanni  |e (dirección) 
910 |a Fondo Xavier Scheifler Amézaga S.J. 
920 |a Impresos - Libros 
930 |a Fondos Especiales 
905 |a 124 
901 |a 0500258343  |b IT2  |c ESP  |i D60621  |u 20250521 
902 |a https://opac.biblio.iteso.mx/vufind/Record/000364624